Statistiques concernant Toutes les communes de la Moselle sur une carte

Cliquez ici pour prendre le quiz!

Statistiques générales

  • Ce quiz a été pris 114 fois
  • Le résultat moyen est 81 sur 725

Réponses sur la Carte

Les réponses sont colorées sur une échelle allant du rouge au vert en fonction du pourcentage des utilisateurs qui les ont devinées à leur premier essai. Vous pouvez retrouver ces pourcentages ci-dessous.
 

Statistiques - réponses

InitialeRéponsePopulation (2021)% Correct
MMetz120 874
98%
TThionville42 163
90%
FForbach21 130
79%
SSarreguemines20 624
79%
SSarrebourg12 359
74%
BBitche4 958
68%
MMontigny-lès-Metz21 854
61%
SᵗSaint-Avold15 045
61%
WWoippy14 302
61%
AAmnéville10 828
60%
HHayange15 968
56%
YYutz17 401
50%
SᵗSaint-Julien-lès-Metz3 514
47%
FFlorange11 869
44%
FFreyming-Merlebach13 027
44%
HHagondange9 321
42%
UUckange6 976
42%
FFameck14 798
40%
MMaizières-lès-Metz11 792
40%
MMaizières-lès-Vic476
40%
CCreutzwald12 514
39%
GGros-Réderching1 299
39%
PPetit-Réderching1 420
39%
PPetit-Tenquin218
39%
FFaulquemont5 155
37%
PPuttelange-aux-Lacs3 051
37%
PPuttelange-lès-Thionville1 017
37%
SteSainte-Marie-aux-Chênes4 505
37%
SᵗSaint-Jean-de-Bassel332
37%
SᵗSaint-Jean-Kourtzerode700
37%
SᵗSaint-Jean-Rohrbach963
37%
BBoulay-Moselle5 524
35%
LLongeville-lès-Metz3 960
35%
LLongeville-lès-Saint-Avold3 611
35%
PPetite-Rosselle6 216
35%
SSarralbe4 392
35%
SStiring-Wendel11 067
35%
BBasse-Ham2 237
34%
CChâteau-Bréhain72
34%
CChâteau-Rouge296
34%
CChâteau-Salins2 297
34%
CChâteau-Voué100
34%
(Le) BLe Ban-Saint-Martin4 617
34%
RRombas9 697
34%
CCattenom2 606
32%
AArs-Laquenexy934
31%
AArs-sur-Moselle4 651
31%
HHettange-Grande7 765
31%
(Le) VLe Val-de-Guéblange815
31%
VVahl-Ebersing507
31%
VVahl-lès-Bénestroff153
31%
VVahl-lès-Faulquemont245
31%
VViller177
31%
MMarly9 971
29%
TTalange7 938
29%
VVal-de-Bride540
29%
AAudun-le-Tiche7 180
27%
BBehren-lès-Forbach6 433
27%
GGandrange3 029
27%
GGuénange7 761
27%
HHam-sous-Varsberg2 875
27%
MMorhange3 377
27%
PPeltre1 821
27%
PPhalsbourg4 683
27%
RRiche185
27%
SSierck-les-Bains1 772
27%
BBousse3 231
26%
CCourcelles-Chaussy2 986
26%
CCourcelles-sur-Nied1 183
26%
DDabo2 366
26%
DDieuze2 794
26%
HHombourg-Budange548
26%
HHombourg-Haut6 267
26%
SSemécourt1 022
26%
VVic-sur-Seille1 329
26%
AAugny2 136
24%
BBasse-Rentgen523
24%
(L')HL’Hôpital5 182
24%
MMondelange5 720
24%
RRéding2 334
24%
RRichemont2 116
24%
SᵗSaint-Louis632
24%
SᵗSaint-Louis-lès-Bitche464
24%
BBouzonville3 929
23%
CClouange3 359
23%
GGrosbliederstroff3 297
23%
MMoulins-lès-Metz5 088
23%
MMoyeuvre-Grande7 330
23%
MMoyeuvre-Petite446
23%
TTerville7 456
23%
AAlgrange6 087
21%
AApach1 071
21%
BBoulange2 450
21%
CCarling3 373
21%
EEnnery2 262
21%
KKédange-sur-Canner1 071
21%
KKnutange3 202
21%
NNilvange4 394
21%
OOttange3 065
21%
RRohrbach-lès-Bitche2 298
21%
SScy-Chazelles2 662
21%
SSerémange-Erzange4 174
21%
FFarébersviller5 316
19%
FFontoy3 142
19%
JJouy-aux-Arches1 431
19%
MManom3 010
19%
MMarange-Silvange6 527
19%
MMarange-Zondrange364
19%
PPlappeville2 028
19%
SᵗSaint-Quirin703
19%
VVitry-sur-Orne2 975
19%
AAngevillers1 311
18%
AArry547
18%
AAumetz2 384
18%
BBénestroff519
18%
BBertrange2 859
18%
FFénétrange658
18%
(La) MLa Maxe1 047
18%
TTrémery1 002
18%
VVigy1 607
18%
AAbreschviller1 418
16%
AAlsting2 499
16%
AAmanvillers2 121
16%
AAncy-Dornot1 490
16%
BBoucheporn570
16%
CChâtel-Saint-Germain1 892
16%
DDelme1 151
16%
FFéy735
16%
FFolschviller3 957
16%
GGravelotte810
16%
HHauconcourt592
16%
HHaut-Clocher358
16%
HHavange451
16%
IIllange1 799
16%
KKœnigsmacker2 260
16%
LLey104
16%
LLixing-lès-Rouhling822
16%
LLixing-lès-Saint-Avold670
16%
LLorry-lès-Metz1 731
16%
LLorry-Mardigny671
16%
MMeisenthal652
16%
NNovéant-sur-Moselle1 858
16%
PPagny-lès-Goin230
16%
RRémilly2 029
16%
RRurange-lès-Thionville2 374
16%
SSchœneck2 450
16%
SSpicheren3 218
16%
VVerny2 005
16%
VVillers-Stoncourt219
16%
VVillers-sur-Nied82
16%
BBuhl-Lorraine1 196
15%
CCorny-sur-Moselle2 156
15%
CCréhange3 799
15%
GGrostenquin635
15%
JJury1 338
15%
LLorquin1 135
15%
LLouvigny881
15%
MMetzervisse2 272
15%
MMorsbach2 666
15%
NNeufchef2 621
15%
ŒŒting2 674
15%
RRodemack1 287
15%
RRosselange2 485
15%
SSarraltroff786
15%
VVolmerange-lès-Boulay558
15%
VVolmerange-les-Mines2 288
15%
AAboncourt321
13%
AAboncourt-sur-Seille65
13%
AArgancy1 330
13%
AAvricourt581
13%
AAy-sur-Moselle1 566
13%
BBaerenthal746
13%
BBéning-lès-Saint-Avold1 136
13%
BBining1 184
13%
BBlies-Ébersing603
13%
BBlies-Guersviller650
13%
BBoust1 154
13%
CCocheren3 359
13%
DDiebling1 673
13%
GGoetzenbruck1 444
13%
GGorze1 145
13%
HHambach2 831
13%
HHan-sur-Nied252
13%
HHundling1 349
13%
KKanfen1 222
13%
LLaquenexy1 268
13%
LLoupershouse895
13%
MMalling664
13%
MManderen-Ritzing602
13%
OOudrenne736
13%
PPlaine-de-Walsch606
13%
RRéchicourt-le-Château559
13%
RRussange1 262
13%
SᵗSaint-Privat-la-Montagne1 885
13%
SSarreinsming1 234
13%
SSuisse97
13%
TTeting-sur-Nied1 262
13%
TTressange2 383
13%
TTurquestein-Blancrupt10
13%
WWoustviller2 854
13%
ZZoufftgen1 262
13%
BBetting861
11%
CCheminot816
11%
CChieulles419
11%
CContz-les-Bains519
11%
CCuvry987
11%
DDistroff1 836
11%
FFèves1 203
11%
FFlévy574
11%
FFolkling1 374
11%
HHéming495
11%
IIppling794
11%
LLessy771
11%
MMetzing670
11%
MMittersheim588
11%
MMontbronn1 587
11%
MMontois-la-Montagne2 723
11%
NNiderviller1 172
11%
NNousseviller-lès-Bitche155
11%
NNousseviller-Saint-Nabor1 188
11%
PPhilippsbourg608
11%
PPorcelette2 472
11%
RRahling725
11%
RRédange1 004
11%
RRémelfing1 338
11%
RRoncourt1 039
11%
RRosbruck739
11%
RRouhling1 978
11%
RRoussy-le-Village1 526
11%
RRozérieulles1 326
11%
SᵗSaint-Georges194
11%
SStuckange1 396
11%
TThéding2 441
11%
VVaux810
11%
VVeckring643
11%
VVolmunster771
11%
AAchen976
10%
AAlbestroff614
10%
AAube265
10%
BBambiderstroff1 034
10%
BBreistroff-la-Grande834
10%
BBronvaux511
10%
BBrulange97
10%
CCoin-lès-Cuvry811
10%
CCoin-sur-Seille333
10%
DDanne-et-Quatre-Vents673
10%
EEntrange1 215
10%
EEtting715
10%
FFarschviller1 332
10%
FFixem402
10%
GGavisse581
10%
HHenridorff707
10%
HHilsprich832
10%
HHolving1 262
10%
JJussy452
10%
KKalhausen788
10%
KKemplich173
10%
LLeyviller508
10%
LLutzelbourg564
10%
MMarsal239
10%
MMetzeresche978
10%
MMondorff555
10%
NNorroy-le-Veneur1 013
10%
NNouilly720
10%
OOgy-Montoy-Flanville1 762
10%
PPierrevillers1 478
10%
PPouilly827
10%
PPournoy-la-Chétive619
10%
PPournoy-la-Grasse717
10%
RRanguevaux883
10%
RRettel822
10%
RRezonville-Vionville495
10%
RRimling643
10%
RRochonvillers195
10%
SᵗSaint-François-Lacroix319
10%
SSaulny1 559
10%
SSchmittviller329
10%
SSoucht1 034
10%
TTenteling1 046
10%
VValmestroff340
10%
VValmont2 945
10%
VVantoux813
10%
VVernéville673
10%
WWaldhouse368
10%
WWaldweistroff515
10%
WWaldwisse809
10%
WWalscheid1 476
10%
WWiesviller911
10%
AAltrippe369
8%
AArzviller531
8%
AAssenoncourt114
8%
BBettborn388
8%
BBettviller814
8%
BBeyren-lès-Sierck504
8%
BBibiche440
8%
BBiding341
8%
BBourdonnay241
8%
BBrouderdorff971
8%
BBuding574
8%
CCappel682
8%
CCharly-Oradour775
8%
CChémery-les-Deux580
8%
CChicourt89
8%
DDalstein381
8%
EEnchenberg1 214
8%
EEpping561
8%
EErching419
8%
FFilstroff770
8%
FFreistroff1 020
8%
GGarrebourg490
8%
GGoin348
8%
HHagen360
8%
HHaute-Kontz568
8%
HHaute-Vigneulles442
8%
HHenriville749
8%
HHilbesheim613
8%
HHoste580
8%
HHunting705
8%
IInglange405
8%
IInsming597
8%
KKerbach1 215
8%
KKirsch-lès-Sierck317
8%
LLaneuveville-en-Saulnois283
8%
LLaneuveville-lès-Lorquin106
8%
LLemberg1 418
8%
LLéning337
8%
LLesse204
8%
LLezey91
8%
LLixheim577
8%
LLuttange928
8%
MMarieulles700
8%
MMaxstadt300
8%
MMécleuves1 206
8%
MMittelbronn658
8%
MMonneren404
8%
MMoussey562
8%
MMouterhouse280
8%
MMunster238
8%
NNébing335
8%
NNelling261
8%
NNeufgrange1 335
8%
NNoisseville1 097
8%
OObergailbach272
8%
PPange873
8%
PPontpierre751
8%
RRoppeviller97
8%
SteSainte-Ruffine588
8%
SSanry-lès-Virgy515
8%
SSanry-sur-Nied389
8%
SSeingbouse1 717
8%
SSiersthal637
8%
SSillegny609
8%
TThonville50
8%
TTroisfontaines1 250
8%
VVieux-Lixheim247
8%
VVolstroff2 057
8%
WWillerwald1 529
8%
WWittring743
8%
ZZetting849
8%
AAltviller546
6%
AAlzing396
6%
AAmelécourt121
6%
AAspach35
6%
AAulnois-sur-Seille299
6%
BBarst573
6%
BBéchy606
6%
BBerg-sur-Moselle442
6%
BBerthelming510
6%
BBliesbruck991
6%
BBourgaltroff231
6%
BBousbach1 208
6%
BBréhain103
6%
BBreidenbach312
6%
BBrouviller428
6%
BBudling162
6%
CChambrey319
6%
CChesny565
6%
CCoincy328
6%
CCondé-Northen707
6%
CCraincourt234
6%
DDenting278
6%
DDiesen1 043
6%
ÉÉguelshardt434
6%
EElzange683
6%
EErnestviller508
6%
EEscherange693
6%
EEtzling1 147
6%
FFailly540
6%
FFrancaltroff769
6%
GGelucourt221
6%
GGerbécourt74
6%
GGondrexange505
6%
GGuebenhouse415
6%
GGuéblange-lès-Dieuze145
6%
HHanviller192
6%
HHartzviller937
6%
HHaselbourg308
6%
HHattigny204
6%
HHellering-lès-Fénétrange190
6%
HHellimer510
6%
HHerny522
6%
HHesse554
6%
KKappelkinger418
6%
KKlang216
6%
KKuntzig1 362
6%
LLambach487
6%
LLangatte605
6%
LLemud531
6%
LLengelsheim193
6%
LLiederschiedt118
6%
LLiéhon130
6%
LLindre-Basse209
6%
LLindre-Haute52
6%
LLucy231
6%
LLuppy581
6%
MMacheren2 802
6%
MMany245
6%
MMarthille167
6%
MMétairies-Saint-Quirin276
6%
MMetting441
6%
MMolring7
6%
MMontenach481
6%
MMoyenvic335
6%
NNitting500
6%
OOrmersviller381
6%
OOron106
6%
PPuzieux170
6%
RRacrange618
6%
RRémering416
6%
RReyersviller376
6%
RRhodes126
6%
RRustroff645
6%
SteSainte-Barbe773
6%
SᵗSaint-Hubert234
6%
SSchneckenbusch310
6%
SSchorbach533
6%
SServigny-lès-Raville499
6%
SServigny-lès-Sainte-Barbe472
6%
SSolgne1 131
6%
SSturzelbronn170
6%
VVany465
6%
VVarsberg970
6%
VVry624
6%
WWalschbronn400
6%
WWœlfling-lès-Sarreguemines698
6%
XXouaxange312
6%
ZZimming703
6%
AAchain79
5%
AAdaincourt131
5%
AAdelange210
5%
AAlaincourt-la-Côte159
5%
BBacourt112
5%
BBarchain109
5%
BBaronville372
5%
BBébing188
5%
BBérig-Vintrange215
5%
BBerling278
5%
BBermering207
5%
BBettange246
5%
BBettelainville622
5%
BBeux293
5%
BBezange-la-Petite95
5%
BBickenholtz84
5%
BBioncourt300
5%
BBistroff306
5%
BBlanche-Église107
5%
BBourscheid175
5%
BBousseviller118
5%
BBuchy96
5%
BBurlioncourt114
5%
CChailly-lès-Ennery415
5%
CCharleville-sous-Bois297
5%
CChenois82
5%
CColligny-Maizery564
5%
CColmen206
5%
CCoume612
5%
DDannelbourg504
5%
DDestry105
5%
DDolving343
5%
ÉÉbersviller956
5%
FFalck2 550
5%
FFleury1 286
5%
FFouligny193
5%
FFrauenberg600
5%
FFresnes-en-Saulnois196
5%
FFreybouse435
5%
GGosselming569
5%
GGréning115
5%
GGuessling-Hémering917
5%
GGuinglange335
5%
GGuntzviller363
5%
HHalstroff304
5%
HHarprich185
5%
HHarreberg371
5%
HHaspelschiedt304
5%
HHeining-lès-Bouzonville483
5%
HHémilly142
5%
HHérange105
5%
HHolacourt90
5%
HHommarting824
5%
HHommert314
5%
HHottviller508
5%
HHultehouse364
5%
KKerling-lès-Sierck616
5%
LLachambre919
5%
LLagarde183
5%
LLandroff271
5%
LLelling461
5%
LLemoncourt61
5%
(Les) ÉLes Étangs403
5%
LLhor143
5%
LLiocourt142
5%
LLommerange360
5%
MMainvillers323
5%
MMalaucourt-sur-Seille128
5%
MMalroy351
5%
MManhoué141
5%
MMerschweiller289
5%
MMey309
5%
MMomerstroff297
5%
MMoncheux147
5%
MMorville-lès-Vic118
5%
MMorville-sur-Nied116
5%
MMulcey210
5%
NNarbéfontaine115
5%
NNeufvillage44
5%
NNeunkirchen-lès-Bouzonville330
5%
NNiedervisse271
5%
OOberstinzel323
5%
OOmmeray128
5%
OOriocourt56
5%
PPettoncourt297
5%
PPiblange966
5%
PPommérieux718
5%
RRaville253
5%
RRémeling334
5%
RRetonfey1 338
5%
RRolbing259
5%
RRorbach-lès-Dieuze49
5%
SᵗSaint-Epvre174
5%
SᵗSaint-Médard107
5%
SSchalbach374
5%
SSchwerdorff471
5%
TTéterchen773
5%
TThicourt132
5%
TThimonville147
5%
TTorcheville118
5%
TTragny89
5%
VVarize-Vaudoncourt498
5%
VVasperviller316
5%
VVatimont311
5%
VVergaville539
5%
VVibersviller390
5%
VVigny389
5%
VVilsberg347
5%
VVittersbourg337
5%
VVittoncourt386
5%
VViviers125
5%
VVoimhaut258
5%
VVoyer453
5%
VVulmont32
5%
XXanrey109
5%
AAjoncourt103
3%
AAncerville301
3%
AAntilly191
3%
AAnzeling496
3%
AArriance217
3%
AAttilloncourt100
3%
AAzoudange114
3%
BBannay71
3%
BBassing109
3%
BBazoncourt541
3%
BBellange55
3%
BBelles-Forêts233
3%
BBidestroff126
3%
BBionville-sur-Nied393
3%
BBisten-en-Lorraine253
3%
BBoustroff151
3%
BBrouck82
3%
BBurtoncourt225
3%
CChanville148
3%
CConthil145
3%
DDalhain101
3%
DDesseling101
3%
DDiane-Capelle235
3%
DDiffembach-lès-Hellimer356
3%
DDonjeux94
3%
EEincheville224
3%
EErstroff190
3%
ÉÉvrange220
3%
FFlastroff355
3%
FFleisheim140
3%
FFlétrange886
3%
FFlocourt123
3%
FFonteny141
3%
FFossieux189
3%
FFoville99
3%
FFraquelfing86
3%
FFrémery88
3%
FFrémestroff304
3%
GGivrycourt89
3%
GGlatigny262
3%
GGomelange467
3%
GGrémecey102
3%
GGrindorff-Bizing314
3%
GGrundviller647
3%
GGuébestroff59
3%
GGuébling124
3%
GGuenviller679
3%
GGuermange91
3%
GGuerstling376
3%
GGuerting866
3%
HHampont171
3%
HHangviller262
3%
HHannocourt17
3%
HHaraucourt-sur-Seille107
3%
HHargarten-aux-Mines1 093
3%
HHayes255
3%
HHazembourg150
3%
HHelstroff487
3%
HHertzing181
3%
HHestroff479
3%
HHinckange336
3%
HHolling438
3%
HHonskirch214
3%
IIbigny92
3%
IImling720
3%
IInsviller172
3%
JJallaucourt146
3%
JJuville129
3%
KKerprich-aux-Bois187
3%
KKirschnaumen466
3%
KKirviller137
3%
LLafrimbolle202
3%
LLandange244
3%
LLaning624
3%
LLaudrefang342
3%
LLaunstroff250
3%
LLidrezing84
3%
LLoudrefing312
3%
LLoutzviller156
3%
LLubécourt70
3%
MMaizeroy415
3%
MMarimont-lès-Bénestroff49
3%
MMégange141
3%
MMenskirch138
3%
MMerten1 460
3%
MMontdidier86
3%
NNiderhoff278
3%
NNiederstinzel241
3%
OOberdorff336
3%
OObervisse160
3%
OOttonville447
3%
PPévange44
3%
PPlesnois792
3%
PPostroff203
3%
PPrévocourt114
3%
RRémelfang145
3%
RRéning132
3%
RRicheval122
3%
RRomelfing339
3%
RRoupeldange349
3%
SSailly-Achâtel311
3%
SᵗSaint-Jure279
3%
SSchweyen314
3%
SSecourt200
3%
SSorbey389
3%
SSotzeling23
3%
TTarquimpol61
3%
TTincry173
3%
TTritteling-Redlach520
3%
TTromborn327
3%
VVallerange211
3%
VValmunster83
3%
VVaudreching491
3%
VVaxy169
3%
VVeckersviller231
3%
VVelving210
3%
VVescheim308
3%
VVirming292
3%
WWaltembourg237
3%
WWintersbourg263
3%
XXocourt99
3%
ZZilling280
3%
AArraincourt121
2%
BBaudrecourt180
2%
BBerviller-en-Moselle460
2%
BBrettnach426
2%
CCutting103
2%
DDalem701
2%
DDomnom-lès-Dieuze91
2%
DDonnelay187
2%
ÉÉblange360
2%
EElvange419
2%
FFoulcrey151
2%
FFribourg164
2%
GGuinkirchen145
2%
GGuinzeling64
2%
HHaboudange232
2%
HHallering108
2%
HHermelange214
2%
LLanguimberg156
2%
LLaumesfeld292
2%
LLostroff70
2%
MMarsilly589
2%
MMoncourt64
2%
NNeufmoulins40
2%
OObreck35
2%
OOrny388
2%
PPontoy587
2%
PPuttigny76
2%
RRémering-lès-Puttelange1 017
2%
RRicheling349
2%
SSalonnes171
2%
VVannecourt71
2%
VVilling510
2%
VVœlfling-lès-Bouzonville158
2%
WWuisse59
2%
ZZarbeling67
2%
ZZommange46
2%
CChérisey280
0%
JJuvelize72
0%
RRodalbe247
0%
SSilly-en-Saulnois34
0%
SSilly-sur-Nied704
0%

Distribution des résultats

Percentile par nombre de réponses

% des personnes avec chaque résultat

Votre développement - résultats

Vous n’avez pas pris ce quiz